Najbardziej znani polscy skoczkowie narciarscy - Statystyki

Ogólne statystyki
  • Ten quiz został rozwiązany 120 razy
    118 od ostatniego zresetowania
  • Średni wynik to 15 z 25
Statystyki odpowiedzi
# Skoczek % Poprawnych
1. Adam Małysz
99%
2. Kamil Stoch
98%
3. Piotr Żyła
96%
4. Dawid Kubacki
95%
5. Maciej Kot
89%
6. Jakub Kot
87%
7. Aleksander Zniszczoł
76%
10. Stefan Hula
70%
8. Klemens Murańka
67%
12. Paweł Wąsek
66%
13. Jakub Wolny
62%
11. Robert Mateja
61%
14. Andrzej Stękała
57%
9. Wojciech Fortuna
55%
16. Piotr Fijas
49%
20. Krzysztof Biegun
48%
19. Henryk Tajner
46%
17. Tadeusz Fijas
46%
18. Tomisław Tajner
46%
15. Jan Ziobro
45%
21. Stanisław Marusarz
39%
25. Łukasz Kruczek
35%
24. Daniel Bachleda
33%
22. Marcin Bachleda
33%
23. Mateusz Rutkowski
32%
Nie znaleziono quizów pasujących do podanych kryteriów
Rozkład punktacji
Procent ludzi z każdym wynikiem
Percentyl według liczby udzielonych odpowiedzi
Twoja historia wyników
Nie rozwiązałeś tego quizu od ostatniego zresetowania